| 000 | 00720 a2200217 4500 | ||
|---|---|---|---|
| 003 | UA-OsUOA | ||
| 005 | 20260429155030.0 | ||
| 008 | 260429b un ||||| |||| 00| 0 ukr d | ||
| 040 |
_aUA-OsUOA _bukr _cUA-OsUOA _dUA-OsUOA |
||
| 041 | _aukr | ||
| 080 | _a82-34 | ||
| 090 |
_a82-34 _bА65 |
||
| 100 |
_aАндерсен Г. _925136 |
||
| 245 |
_aПринцеса на горошині _cГ. К. Андерсен |
||
| 260 |
_bГоверля _c1958 _aНю Йорк |
||
| 300 | _a31 с. | ||
| 650 |
_2UDC _a82 Література. Літературознавство _915 |
||
| 942 |
_cBR _2udc |
||
| 955 | _a3 | ||
| 999 |
_c580620 _d580620 |
||